000 00832nam a22002657a 4500
001 BR6001428
003 BR-BrBNA
005 20230928095524.0
007 ta
008 230509b bl.||||| |||| 00| 0 por d
040 _aBR-BrBNA
_bpor
_cBiblioteca Nacional de Agricultura
041 _a(Por)
072 _aF50; K50
_b3140
090 _ 3140 BR6001428
100 1 _aSilva, H.C. da
110 1 _aInstituto Nacional de Tecnologia, Rio de Janeiro, GB (Brasil)
_96511
245 1 _aEnsaios estaticos de madeira em dimensoes estruturais. Metodos de ensaio adaptados e resultados obtidos para o pinho do Parana
260 3 _aRio de Janeiro, GB (Brasil):
_c1942.
300 _a37 p.
650 _aPinheiro-do-Parana
650 _aMadeira
650 _aEstrutura Vegetal
909 _a202309
_bLucia
_c55
_dLucia Elande
942 _cBK
999 _c57062
_d57062